000 00530nam a2200157Ia 4500
005 20250508150643.0
008 008 250505s9999 xx 000 0 eng d
037 _aBooks to be hide in OPAC
040 _aFEDL
_beng
_cFEDL
041 _aeng
_2eng
084 _a379.543 3, CEN/O
_qFEDL
245 0 _aReport on the state and progress of education in the central provinces and berar for the quinquennium ending 31st March 1922
300 _aiv,99p.
942 _cHB
_h379.543 3, CEN/O
999 _c1324838
_d1324838